[Event "6th LCC Super Rapidplay Open 2014"]
[Site "London ENG"]
[Date "2014.12.07"]
[Round "9.2"]
[White "Anand, Viswanathan"]
[Black "Howell, David W L"]
[Result "1-0"]
[WhiteTitle "GM"]
[BlackTitle "GM"]
[WhiteElo "2793"]
[BlackElo "2670"]
[WhiteFideId "5000017"]
[BlackFideId "410608"]
[EventDate "2014.12.06"]

1. e4 e5 2. Nf3 Nc6 3. Bb5 Nf6 4. d3 Bc5 5. Bxc6 dxc6 6. Nbd2 Be6 7. O-O Nd7 8.
Nb3 Bb6 9. Ng5 Nf8 10. Qh5 Qd6 11. Kh1 Bxb3 12. axb3 Qg6 13. Qh3 h6 14. Nf3 Qd6
15. Bd2 Ng6 16. Bc3 O-O 17. Nd2 Bd4 18. Nc4 Qd8 19. g3 b5 20. Na5 Bb6 21. Nxc6
Qd6 22. Nb4 c6 23. Na6 Rae8 24. b4 Re6 25. Bd2 Ne7 26. Be3 f5 27. Nc5 Ref6 28.
f3 Ng6 29. Rad1 R8f7 30. d4 Bxc5 31. dxe5 Qxe5 32. Bxc5 fxe4 33. f4 Qe8 34. Rfe1
Nf8 35. Rd4 Re6 36. f5 Re5 37. g4 e3 38. Qg2 Rd7 39. Qxc6 e2 40. c3 Rxd4 41.
Qxe8 Rxe8 42. Bxd4 Re4 43. h3 h5 44. gxh5 Nh7 45. Kg2 Ng5 46. h4 Rg4+ 47. Kf2
Rxh4 48. Rxe2 Rxh5 49. Kg3 Nf7 50. Re8+ Kh7 51. Kg4 Rh2 52. Re7 Nh6+ 53. Kf4
Rh4+ 54. Ke5 Rh5 55. Rxa7 Nxf5 56. Rb7 Kg6 57. Bc5 Rh2 58. Rxb5 Rxb2 59. Kf4 Nh6
60. Bd4 Rb1 61. Rg5+ Kf7 62. Rxg7+ Ke8 63. Ke4 Re1+ 64. Kd5 Nf5 65. Rg5 Ne7+ 66.
Kd6 Rh1 67. b5 Kd8 68. Bf6 Rh6 69. Rg8# 1-0

[Event "6th LCC Super Rapidplay Open 2014"]
[Site "London ENG"]
[Date "2014.12.07"]
[Round "9.4"]
[White "Giri, Anish"]
[Black "Adams, Michael"]
[Result "1-0"]
[WhiteTitle "GM"]
[BlackTitle "GM"]
[WhiteElo "2768"]
[BlackElo "2745"]
[WhiteFideId "24116068"]
[BlackFideId "400041"]
[EventDate "2014.12.06"]

1. e4 e5 2. Nf3 Nc6 3. Nc3 Nf6 4. h3 Bb4 5. Bd3 d6 6. a3 Ba5 7. b4 Bb6 8. Na4
O-O 9. O-O d5 10. exd5 Qxd5 11. Re1 Bd4 12. Nxd4 exd4 13. Bf1 Bf5 14. d3 a5 15.
Bf4 axb4 16. axb4 b5 17. Nc5 Rxa1 18. Qxa1 h6 19. g4 Bxg4 20. hxg4 Nxb4 21. Re5
Qf3 22. Bg3 Qxg4 23. Ne4 Nxc2 24. Qc1 Ne3 25. Nxf6+ gxf6 26. Re4 Qg6 27. Bh3 h5
28. Rxd4 Nf5 29. Bxf5 Qxf5 30. Qxc7 Kg7 31. Kg2 Re8 32. Qd7 Re6 33. Qc8 Re5 34.
Qa8 Rc5 35. Rd8 Qh7 36. Qa3 Rg5 37. Qf8+ Kg6 38. Kh3 h4 39. Bxh4 Qh5 40. Qg8+
Kf5 41. Rd5+ Kf4 42. Qb8+ Kf3 43. Rxg5 fxg5 44. Qg3+ Ke2 45. Qe3+ Kd1 46. Qxg5
Qf3+ 47. Qg3 Qd5 48. Qg4+ Kc2 49. Qe2+ Kb3 50. Qd1+ Kb4 51. Be7+ Ka5 52. Qa1+
Kb6 53. Qf6+ Ka5 54. Qc3+ Kb6 55. Kg3 Qe6 56. Qf6 1-0

[Event "6th LCC Super Rapidplay Open 2014"]
[Site "London ENG"]
[Date "2014.12.07"]
[Round "9.5"]
[White "Short, Nigel D"]
[Black "McShane, Luke J"]
[Result "1/2-1/2"]
[WhiteTitle "GM"]
[BlackTitle "GM"]
[WhiteElo "2661"]
[BlackElo "2672"]
[WhiteFideId "400025"]
[BlackFideId "404853"]
[EventDate "2014.12.06"]

1. c4 c6 2. Nf3 d5 3. e3 Bg4 4. cxd5 cxd5 5. Qa4+ Bd7 6. Qb3 Qc7 7. Nc3 e6 8. d4
Nc6 9. Bd3 Nf6 10. O-O Be7 11. Bd2 O-O 12. Rac1 Rac8 13. Ne5 Qb8 14. f4 Be8 15.
Qd1 Nd7 16. Qh5 f5 17. Qh3 Nf6 18. Be1 a6 19. Bh4 Rc7 20. Kh1 Qd8 21. a3 Bg6 22.
Bxf6 Bxf6 23. Nxg6 hxg6 24. g4 Kf7 25. Qg2 b5 26. Rf3 Na5 27. Rg1 Rh8 28. Rg3
Rh7 29. Bb1 Nc4 30. Na2 Rc8 31. Nb4 Qb6 32. gxf5 gxf5 33. Nxd5 Qc6 34. Nxf6
Qxg2+ 35. R1xg2 gxf6 36. Bd3 Nb6 37. Rc2 Rxc2 38. Bxc2 Nc4 39. Kg2 Nxb2 40. e4
fxe4 41. Bxe4 Rh4 42. Rf3 Nc4 43. Bb7 a5 44. d5 e5 45. fxe5 Nxe5 46. Rb3 b4 47.
axb4 Rxb4 48. Rxb4 axb4 49. d6 Ke6 50. h4 f5 51. Bc8+ Kf6 52. d7 Nf7 53. Ba6 Ke7
54. Bd3 Nh6 55. Kf3 Kxd7 56. Kf4 Ke6 57. Bc2 Kf6 58. h5 Kg7 59. Kg5 Kh7 60. Bb3
Kg7 61. Bc2 Kh7 62. Bb3 1/2-1/2

[Event "6th LCC Super Rapidplay Open 2014"]
[Site "London ENG"]
[Date "2014.12.07"]
[Round "9.6"]
[White "Van Wely, Loek"]
[Black "Naroditsky, Daniel"]
[Result "0-1"]
[WhiteTitle "GM"]
[BlackTitle "GM"]
[WhiteElo "2667"]
[BlackElo "2620"]
[WhiteFideId "1000268"]
[BlackFideId "2026961"]
[EventDate "2014.12.06"]

1. d4 Nf6 2. Bg5 Ne4 3. Bf4 Nc6 4. Nf3 d5 5. e3 Bg4 6. h3 Bxf3 7. gxf3 Nf6 8. c4
e6 9. Qb3 Bb4+ 10. Nc3 O-O 11. O-O-O dxc4 12. Qxc4 Bxc3 13. bxc3 Nd5 14. Bg3 Qe7
15. Kb2 a5 16. e4 Nb6 17. Qb3 a4 18. Qa3 Qd7 19. c4 Na5 20. Qc5 a3+ 21. Ka1 Qa4
22. Rc1 Qb3 23. Qb5 Qxf3 24. Rg1 Qxe4 25. Qe5 Qxe5 26. Bxe5 f6 27. Bxc7 Nd7 28.
Bg2 Rfc8 29. Bxa5 Rxa5 30. Bxb7 Rc7 31. Bf3 e5 32. Rgd1 exd4 33. Rxd4 Kf8 34.
Bd5 Nb6 35. Be4 Rac5 36. Bxh7 Nxc4 37. Rd3 g6 38. Bxg6 Ne5 39. Rxc5 Rxc5 40.
Rxa3 Nxg6 41. Kb2 Ne5 42. Rc3 Rd5 43. a4 0-1

[Event "6th LCC Super Rapidplay Open 2014"]
[Site "London ENG"]
[Date "2014.12.07"]
[Round "9.7"]
[White "Lenderman, Aleksandr"]
[Black "Nunn, John D M"]
[Result "1-0"]
[WhiteTitle "GM"]
[BlackTitle "GM"]
[WhiteElo "2608"]
[BlackElo "2601"]
[WhiteFideId "2021285"]
[BlackFideId "400017"]
[EventDate "2014.12.06"]

1. d4 Nf6 2. c4 g6 3. Nc3 Bg7 4. e4 d6 5. Nf3 O-O 6. Be2 e5 7. O-O Nc6 8. d5 Ne7
9. Ne1 Ne8 10. Be3 f5 11. f3 f4 12. Bf2 g5 13. c5 Rf6 14. Rc1 Rg6 15. Nb5 a6 16.
cxd6 cxd6 17. Nc7 Nxc7 18. Bb6 Bd7 19. Bxc7 Qe8 20. Nd3 h5 21. Nf2 Nc8 22. b3
Bf6 23. h3 Rg7 24. Qd2 Bd8 25. Rc2 Bb5 26. Bxb5 axb5 27. Rfc1 Bxc7 28. Rxc7 Qd8
29. Qc3 Nb6 30. Rxg7+ Kxg7 31. Qc7+ Kg6 32. Qxb7 Rb8 33. Qc7 Qxc7 34. Rxc7 Kf6
35. Nd3 Ra8 36. Nb4 Nc8 37. Kf2 Ne7 38. Rd7 1-0

[Event "6th LCC Super Rapidplay Open 2014"]
[Site "London ENG"]
[Date "2014.12.07"]
[Round "9.8"]
[White "Wallace, John Paul"]
[Black "Hebden, Mark L"]
[Result "0-1"]
[WhiteTitle "IM"]
[BlackTitle "GM"]
[WhiteElo "2404"]
[BlackElo "2523"]
[WhiteFideId "3200957"]
[BlackFideId "400084"]
[EventDate "2014.12.06"]

1. d4 Nf6 2. c4 g6 3. Nc3 Bg7 4. e4 d6 5. f3 O-O 6. Bg5 Nbd7 7. Nge2 c6 8. Ng3
a6 9. a4 a5 10. Qd2 e5 11. d5 Nc5 12. Ra3 Qb6 13. Qc2 h5 14. Be2 Bd7 15. h4 Rac8
16. Nf1 cxd5 17. cxd5 Nh7 18. Be3 f5 19. Nd2 Qd8 20. Nc4 Qe7 21. Nxa5 fxe4 22.
fxe4 Bf6 23. g3 g5 24. Bf2 Bg7 25. Nc4 Bg4 26. Ne3 Bxe2 27. Qxe2 g4 28. Nf5 Qf6
29. O-O Nxe4 30. Nxe4 Qxf5 31. Nxd6 Qc2 32. Re1 Rc7 33. Bb6 Qxe2 34. Rxe2 Rd7
35. Bc5 b6 36. Bb4 Rf3 37. Nc8 e4 38. Rxe4 Nf6 39. Ne7+ Kf7 40. Ree3 Rxe3 41.
Rxe3 Nxd5 42. Nxd5 Rxd5 43. Re7+ Kg6 44. Re6+ Kf5 45. Rxb6 Bd4+ 0-1

[Event "6th LCC Super Rapidplay Open 2014"]
[Site "London ENG"]
[Date "2014.12.07"]
[Round "9.9"]
[White "Hansen, Eric"]
[Black "Bates, Richard A"]
[Result "1-0"]
[WhiteTitle "GM"]
[BlackTitle "IM"]
[WhiteElo "2577"]
[BlackElo "2349"]
[WhiteFideId "2606771"]
[BlackFideId "403555"]
[EventDate "2014.12.06"]

1. e4 c5 2. Nf3 d6 3. Bb5+ Bd7 4. Bxd7+ Qxd7 5. c4 Nf6 6. Nc3 g6 7. d4 cxd4 8.
Nxd4 Bg7 9. f3 O-O 10. Be3 Rc8 11. b3 Qd8 12. O-O Nbd7 13. Kh1 a6 14. a4 e6 15.
Nde2 Qf8 16. Ra2 Rc6 17. Rd2 Rac8 18. h3 Qe7 19. f4 b5 20. axb5 axb5 21. Nd4 b4
22. Nxc6 Rxc6 23. Ne2 Nxe4 24. Ra2 Rc8 25. Ra7 Qd8 26. Kh2 Ra8 27. Rb7 Ra1 28.
Qxa1 Bxa1 29. Rxa1 Nec5 30. Rxb4 Qf6 31. Rd1 Qf5 32. Ng3 Qc2 33. Rxd6 h5 34. Rd2
Qb1 35. Rb5 h4 36. Ne2 Qe1 37. b4 Ne4 38. Rxd7 Ng3 39. Rb8+ 1-0

[Event "6th LCC Super Rapidplay Open 2014"]
[Site "London ENG"]
[Date "2014.12.07"]
[Round "9.10"]
[White "Gordon, Stephen J"]
[Black "Hawkins, Jonathan"]
[Result "0-1"]
[WhiteTitle "GM"]
[BlackTitle "IM"]
[WhiteElo "2500"]
[BlackElo "2552"]
[WhiteFideId "411477"]
[BlackFideId "412686"]
[EventDate "2014.12.06"]

1. Nf3 Nf6 2. c4 e6 3. g3 d5 4. Bg2 dxc4 5. Qa4+ Nbd7 6. Qxc4 a6 7. Qc2 c5 8.
Nc3 Qc7 9. O-O b6 10. d4 cxd4 11. Nxd4 Bb7 12. e4 Bc5 13. Nb3 Bb4 14. Qe2 Bxc3
15. bxc3 O-O 16. Ba3 Rfd8 17. c4 Rac8 18. Rac1 Ne5 19. c5 b5 20. Bb4 Nd3 21. Ba5
Nxc1 22. Rxc1 Qd7 23. Bxd8 Qxd8 24. Rd1 Qc7 25. Qd3 Bc6 26. f3 Ne8 27. Qd2 Qb7
28. Na5 Qa7 29. Qb4 h5 30. Kh1 Qe7 31. a3 h4 32. gxh4 Ba8 33. Rc1 Qxh4 34. c6
Qf4 35. Qc5 Rd8 36. Nb7 Rd2 37. Qe7 Nc7 0-1

[Event "6th LCC Super Rapidplay Open 2014"]
[Site "London ENG"]
[Date "2014.12.07"]
[Round "10.2"]
[White "Lenderman, Aleksandr"]
[Black "Caruana, Fabiano"]
[Result "1/2-1/2"]
[WhiteTitle "GM"]
[BlackTitle "GM"]
[WhiteElo "2608"]
[BlackElo "2829"]
[WhiteFideId "2021285"]
[BlackFideId "2020009"]
[EventDate "2014.12.06"]

1. d4 d6 2. e4 g6 3. Nc3 Bg7 4. f4 a6 5. Nf3 b5 6. Bd3 Nd7 7. e5 c5 8. Be3 b4 9.
Ne4 Nh6 10. c3 bxc3 11. bxc3 cxd4 12. cxd4 Nb6 13. Qe2 O-O 14. O-O Nd5 15. Bd2
Bg4 16. Nf2 Bxf3 17. Qxf3 e6 18. Be4 Nf5 19. Bxf5 gxf5 20. g4 fxg4 21. Nxg4 f5
22. exf6 Nxf6 23. Rae1 Qd7 24. Nxf6+ Bxf6 25. Qg4+ Kh8 26. Qxe6 Bxd4+ 27. Kh1
Qb5 28. Qe4 Bf6 29. Rb1 Qh5 30. Qd3 Rae8 31. Rf3 Qf7 32. Bc3 Bxc3 33. Qxc3+ Qf6
34. Qxf6+ Rxf6 35. Rb6 Re1+ 36. Kg2 Re2+ 37. Rf2 Rxf2+ 38. Kxf2 Rxf4+ 39. Kg3
Ra4 40. Rxd6 Rxa2 41. h4 Ra5 42. Kg4 Ra1 43. Kh5 a5 44. Ra6 a4 45. Kh6 Kg8 46.
h5 a3 47. Ra8+ Kf7 48. Kxh7 Rh1 49. Ra7+ Kf6 50. Rxa3 Rxh5+ 1/2-1/2

[Event "6th LCC Super Rapidplay Open 2014"]
[Site "London ENG"]
[Date "2014.12.07"]
[Round "10.3"]
[White "Naroditsky, Daniel"]
[Black "Kramnik, Vladimir"]
[Result "1/2-1/2"]
[WhiteTitle "GM"]
[BlackTitle "GM"]
[WhiteElo "2620"]
[BlackElo "2769"]
[WhiteFideId "2026961"]
[BlackFideId "4101588"]
[EventDate "2014.12.06"]

1. e4 e5 2. Nf3 Nc6 3. Bb5 Nf6 4. O-O Nxe4 5. Qe2 Ng5 6. Nxg5 Qxg5 7. d4 Qe7 8.
dxe5 a6 9. Bxc6 dxc6 10. Nd2 Qe6 11. f4 f5 12. Nf3 Be7 13. Ng5 Bxg5 14. Qh5+ Qg6
15. Qxg6+ hxg6 16. fxg5 Be6 17. Bf4 c5 18. a3 a5 19. Rad1 Ke7 20. Rf2 a4 21. g3
Rh3 22. Kg2 Rah8 23. Kg1 b6 24. Rfd2 c6 25. Re2 Bc4 26. Red2 Bd5 27. c4 Be6 28.
Rc1 Kf7 29. Rcc2 Rc8 30. Be3 Rhh8 31. Rd6 Rhe8 32. Kf2 Kg8 33. h4 Kf7 34. Rc3
Re7 35. Ke2 b5 36. cxb5 cxb5 37. Rxc5 Bc4+ 38. Kd2 Rxc5 39. Bxc5 Rxe5 40. Be3
Rd5+ 1/2-1/2

[Event "6th LCC Super Rapidplay Open 2014"]
[Site "London ENG"]
[Date "2014.12.07"]
[Round "10.4"]
[White "Sadler, Matthew D"]
[Black "Giri, Anish"]
[Result "0-1"]
[WhiteTitle "GM"]
[BlackTitle "GM"]
[WhiteElo "2658"]
[BlackElo "2768"]
[WhiteFideId "400173"]
[BlackFideId "24116068"]
[EventDate "2014.12.06"]

1. e4 c5 2. Nf3 e6 3. d4 cxd4 4. Nxd4 Nc6 5. Nc3 Qc7 6. g3 a6 7. Bg2 h5 8. O-O
Nf6 9. h3 Bc5 10. Nb3 Ba7 11. Bf4 Ne5 12. Nd2 d6 13. Nf3 b5 14. Nxe5 dxe5 15.
Bg5 b4 16. Nb1 Bb7 17. Nd2 Nh7 18. Qxh5 O-O 19. Rac1 Nxg5 20. Qxg5 Rad8 21. Nf3
Bxe4 22. Qxe5 Qb7 23. Nh4 Bxg2 24. Nxg2 Bd4 25. Qe2 Bxb2 26. Rcd1 Qc6 27. Ne3
Bd4 28. Rd3 f5 29. Rfd1 e5 30. a3 a5 31. axb4 axb4 32. Ng2 Qc4 33. Qd2 Rc8 34.
Ne3 Qc5 35. Rb3 f4 36. gxf4 Rxf4 37. Qe2 Rcf8 38. Rf1 Rf3 39. Ng4 Rxb3 40. cxb3
Qc3 41. Kg2 Qxb3 42. Qe4 Qe6 43. Re1 Qd6 44. Re2 b3 45. Nxe5 Qxe5 46. Qxe5 Bxe5
47. Rxe5 Rb8 48. Re1 Kf7 49. Rb1 b2 50. Kf3 Kf6 51. h4 Kf5 52. Kg3 Ke4 53. Kg4
Kd3 54. Kg5 Rb6 0-1

[Event "6th LCC Super Rapidplay Open 2014"]
[Site "London ENG"]
[Date "2014.12.07"]
[Round "10.5"]
[White "Hawkins, Jonathan"]
[Black "Short, Nigel D"]
[Result "0-1"]
[WhiteTitle "IM"]
[BlackTitle "GM"]
[WhiteElo "2552"]
[BlackElo "2661"]
[WhiteFideId "412686"]
[BlackFideId "400025"]
[EventDate "2014.12.06"]

1. d4 e6 2. c4 b6 3. e4 Bb7 4. Bd3 Nc6 5. Ne2 Nb4 6. Nbc3 Nxd3+ 7. Qxd3 d6 8.
O-O Qd7 9. d5 Be7 10. Be3 Nf6 11. f3 O-O 12. Nd4 c5 13. dxc6 Bxc6 14. Nxc6 Qxc6
15. b3 Nd7 16. Rfd1 a6 17. Rac1 Rfd8 18. Qd2 Rac8 19. Ne2 Qb7 20. Qe1 b5 21.
cxb5 axb5 22. Nd4 Rc5 23. Nc2 Rc7 24. Nb4 Rdc8 25. Rxc7 Rxc7 26. Qd2 h6 27. Kh1
Ne5 28. Bd4 Nc6 29. Bc3 Qc8 30. Nd3 Bf8 31. Kg1 Ne7 32. Bb2 Rc2 33. Qa5 d5 34.
Qxb5 Rxb2 35. Nxb2 Qc2 36. exd5 Nxd5 37. Rxd5 exd5 38. Nd3 Qb1+ 39. Kf2 Qxa2+
40. Kg3 Bd6+ 41. f4 Qa8 42. Qb6 Qe8 43. Qxd6 Qe3+ 44. Kh4 Qxd3 45. b4 Kh7 46.
Qd7 Qe4 47. g3 Qxb4 48. Qxd5 Qe7+ 49. Kh3 g6 50. Qc6 Qe2 51. Qc5 Qf1+ 52. Kh4
Qg2 53. h3 Qe4 54. Qe5 g5+ 55. Kg4 Qxe5 56. fxe5 Kg6 57. Kf3 Kf5 58. g4+ Kxe5
59. Ke3 f6 60. Kf3 Kd4 61. Kf2 Ke4 62. Kg3 Ke3 63. Kg2 Ke2 64. Kg3 Kf1 65. Kf3
Kg1 66. Kg3 Kh1 67. h4 gxh4+ 68. Kxh4 Kg2 69. Kh5 Kg3 0-1

[Event "6th LCC Super Rapidplay Open 2014"]
[Site "London ENG"]
[Date "2014.12.07"]
[Round "10.6"]
[White "Pert, Nicholas"]
[Black "Howell, David W L"]
[Result "1-0"]
[WhiteTitle "GM"]
[BlackTitle "GM"]
[WhiteElo "2562"]
[BlackElo "2670"]
[WhiteFideId "403989"]
[BlackFideId "410608"]
[EventDate "2014.12.06"]

1. d4 Nf6 2. Nf3 g6 3. c4 Bg7 4. g3 b6 5. Bg2 Bb7 6. O-O O-O 7. d5 Na6 8. Nc3
Nc5 9. Re1 Nfe4 10. Nxe4 Nxe4 11. Qc2 f5 12. Ng5 Nc5 13. Nf3 e5 14. b4 Ne4 15.
Bb2 Qe7 16. Nd2 Qxb4 17. Nxe4 fxe4 18. Bxe4 Qc5 19. e3 b5 20. cxb5 Qxc2 21. Bxc2
Bxd5 22. Red1 Be6 23. Be4 Rab8 24. a4 Rfc8 25. Ba3 Bf8 26. Kf1 Bxa3 27. Rxa3 Kf7
28. Rc3 Ke7 29. Ke2 a6 30. bxa6 c6 31. Rc5 Rb4 32. Rxe5 d6 33. Ra5 Rxe4 34. a7
Ra8 35. Rb1 c5 36. Rb8 Bd5 37. f3 Rc4 38. e4 Bc6 39. Ra6 Kd7 40. Rxc6 Rxa7 41.
Rcb6 Rcxa4 42. R8b7+ Ke6 43. h4 h5 44. Ke3 Ra3+ 45. Kf4 Ra8 46. Rb8 c4 47. Rxa8
Rxa8 48. e5 Rd8 49. Ke4 c3 50. Rc6 c2 51. exd6 Rxd6 52. Rxc2 Ra6 53. Rc4 Kf6 54.
Kf4 Rb6 55. Ke4 Re6+ 56. Kd5 Re3 57. Rf4+ Kg7 58. g4 g5 59. hxg5 h4 60. Rf6 h3
61. f4 Re8 62. Ra6 h2 63. Ra1 Kg6 64. Rh1 Re2 65. Kd4 Ra2 66. Ke4 Ra4+ 67. Kf3
Ra3+ 68. Kg2 Ra4 69. Kg3 Ra3+ 70. Kh4 Ra2 71. f5+ Kg7 72. Kg3 Ra3+ 73. Kxh2 Rb3
74. Rf1 Ra3 75. Kg2 Rb3 76. Rf3 1-0

[Event "6th LCC Super Rapidplay Open 2014"]
[Site "London ENG"]
[Date "2014.12.07"]
[Round "10.7"]
[White "McShane, Luke J"]
[Black "Chirila, Ioan-Cristian"]
[Result "1/2-1/2"]
[WhiteTitle "GM"]
[BlackTitle "GM"]
[WhiteElo "2672"]
[BlackElo "2547"]
[WhiteFideId "404853"]
[BlackFideId "1211668"]
[EventDate "2014.12.06"]

1. e4 e5 2. Nf3 Nc6 3. Bb5 a6 4. Ba4 Nf6 5. O-O Be7 6. Bxc6 dxc6 7. d3 Nd7 8.
Nc3 O-O 9. Be3 c5 10. Nd5 Bd6 11. Bd2 Re8 12. Kh1 Nf8 13. Ng1 Ng6 14. Ne2 Be6
15. Ne3 Nf4 16. b3 a5 17. a4 b6 18. Ng3 g6 19. Nc4 Bxc4 20. bxc4 Ne6 21. Ne2 Be7
22. Nc3 Bg5 23. Nd5 Bxd2 24. Qxd2 Kg7 25. Qc3 f6 26. g3 c6 27. Ne3 Nd4 28. Qe1
Qd7 29. Rd1 Nf3 30. Qe2 Nd4 31. Qe1 Nf3 32. Qe2 Nd4 33. Qe1 Nf3 1/2-1/2

[Event "6th LCC Super Rapidplay Open 2014"]
[Site "London ENG"]
[Date "2014.12.07"]
[Round "10.8"]
[White "Hebden, Mark L"]
[Black "Greenfeld, Alon"]
[Result "0-1"]
[WhiteTitle "GM"]
[BlackTitle "GM"]
[WhiteElo "2523"]
[BlackElo "2536"]
[WhiteFideId "400084"]
[BlackFideId "2800039"]
[EventDate "2014.12.06"]

1. d4 Nf6 2. Nf3 d5 3. c4 e6 4. Bg5 h6 5. Bxf6 Qxf6 6. Nc3 c6 7. Qb3 Qe7 8. e3
g6 9. Rc1 Nd7 10. Be2 Bg7 11. O-O O-O 12. Rfd1 Nb6 13. e4 dxc4 14. Bxc4 Nxc4 15.
Qxc4 e5 16. d5 Bg4 17. Rd3 Rac8 18. d6 Qe6 19. Qxe6 Bxe6 20. Na4 b6 21. b3 Rfd8
22. Nb2 f6 23. Nc4 Rd7 24. h4 h5 25. Na3 Bf8 26. Nb5 a6 27. Nc7 Rcxc7 28. dxc7
Rxd3 29. Rxc6 Bc8 30. Rxf6 Rd1+ 31. Kh2 Rd6 32. Rxf8+ Kxf8 33. Nxe5 Ke8 34. Kg3
Rd2 35. Nxg6 Rxa2 36. Nf4 Rb2 37. Nxh5 Rxb3+ 38. Kf4 a5 39. Nf6+ Kf7 40. Nd5 a4 0-1

[Event "6th LCC Super Rapidplay Open 2014"]
[Site "London ENG"]
[Date "2014.12.07"]
[Round "10.9"]
[White "Bluebaum, Matthias"]
[Black "Hansen, Eric"]
[Result "0-1"]
[WhiteTitle "IM"]
[BlackTitle "GM"]
[WhiteElo "2560"]
[BlackElo "2577"]
[WhiteFideId "24651516"]
[BlackFideId "2606771"]
[EventDate "2014.12.06"]

1. d4 Nf6 2. c4 g6 3. Nc3 d5 4. cxd5 Nxd5 5. e4 Nxc3 6. bxc3 Bg7 7. Bc4 c5 8.
Ne2 Nc6 9. Be3 O-O 10. O-O Bg4 11. f3 Bd7 12. Rb1 Rc8 13. Bd3 Qc7 14. Qd2 Rfd8
15. f4 Bg4 16. d5 c4 17. Bc2 e6 18. Rfd1 exd5 19. exd5 Qe7 20. h3 Rxd5 21. Qxd5
Qxe3+ 22. Kh1 Bxe2 23. Rxb7 Qxf4 24. Re1 Be5 25. Kg1 Qe3+ 26. Kh1 Qf2 27. Reb1
Qf4 28. Kg1 Re8 29. Be4 Bxc3 30. Qxc6 Qxe4 31. Qd7 Rf8 0-1

[Event "6th LCC Super Rapidplay Open 2014"]
[Site "London ENG"]
[Date "2014.12.07"]
[Round "10.10"]
[White "Williams, Simon K"]
[Black "Van Wely, Loek"]
[Result "1-0"]
[WhiteTitle "GM"]
[BlackTitle "GM"]
[WhiteElo "2443"]
[BlackElo "2667"]
[WhiteFideId "404454"]
[BlackFideId "1000268"]
[EventDate "2014.12.06"]

1. d4 Nf6 2. c4 e6 3. Nf3 d5 4. Nc3 dxc4 5. e4 Bb4 6. Bxc4 Nxe4 7. O-O Bxc3 8.
bxc3 O-O 9. Qd3 Nf6 10. Bg5 Nbd7 11. Rfe1 b6 12. Ne5 Nxe5 13. Rxe5 c5 14. Qh3
cxd4 15. Bd3 h5 16. Bh7+ Kxh7 17. Bxf6 Qxf6 18. Rxh5+ Qh6 19. Rxh6+ gxh6 20.
Qd3+ Kg8 21. Qxd4 Ba6 22. Rd1 Rac8 23. Qf6 Be2 24. Rd2 Bh5 25. Qxh6 Bg6 26. h4
Rxc3 27. h5 Bf5 28. Qf6 Rc4 29. f3 Kh7 30. Rd7 Rc1+ 31. Kh2 Rc2 32. h6 1-0